000 00560nam a22002057a 4500
005 20240822052557.0
008 240822b |||||||| |||| 00| 0 eng d
020 _a9788196038571
040 _aIN-DiNC
_cIN-DiNC
041 _deng
082 _a954.035
_bSEN
100 _aSen, Sanjay
_eauthor
245 _aIntroduction to Indian freedom struggle (1857-1947)/
_cby Sanjay Sen
250 _a1st ed.
260 _aGuwahati:
_bAshok publication,
_c2024.
300 _a312p.
650 _aRevolt of 1857
650 _aIndian National Army
942 _2ddc
_cBK
999 _c11875
_d11875